| 000 | 01814nam a22003735a 4500 | ||
|---|---|---|---|
| 001 | 14180470 | ||
| 003 | OSt | ||
| 005 | 20140310182857.0 | ||
| 008 | 051125s2003 ph a b f000 0 tgl | ||
| 010 | _a 2005345398 | ||
| 020 | _a9716350163 | ||
| 040 |
_aDLC _cDLC |
||
| 042 | _alcode | ||
| 043 | _aa-ph--- | ||
| 050 |
_aDS668 _b.G868 2003 |
||
| 082 |
_aF959.902 _b.G846 2003 |
||
| 245 | 0 | 0 |
_aKasaysayan ng Filipinas at mga institusyong Filipino _cEden M. Gripaldo |
| 260 |
_aDiliman : _bSentro ng Wikang Filipino, Unibersidad ng Pilipinas, _c2003. |
||
| 300 |
_axvii, 359 p. : _bill. ; _c26 cm. |
||
| 440 | 0 | _aAklat ili | |
| 504 | _aIncludes bibliographical references. | ||
| 505 | 0 | _aAng pook, panahon, at kultura sa kasaysayan ng Filipinas -- Ang sinaunang kasaysayan ng Filipinas, mula panahong prehistoriko hanggang protohistoriko, 20,000 BC-1565 AD -- Pamayanang Filipino sa panahon ng mga pananakop na Espanyol, 1565-1745 -- Pagbubuo ng isang pambansang lipunang Filipino, 1745-1892 -- Ang himagsikang Filipino at ang pagkabuo ng bansang Filipino, 1892-1903 -- Ang pagbubuklod ng bansa laban sa imperyalismo, 1902-1946 -- Mula sa pagsasarili hanggang sa panahon ng rebolusyong EDSA, 1946-1986 -- Kontemporanyong Filipinas at ang kinabukasan, 1986 hanggang kasalukuyan. | |
| 520 | _aHistory of the Philippines and the Philippine institutions from prehistoric era until the present time. | ||
| 521 | _aCollege Student | ||
| 526 | _c1210L to 1700L | ||
| 541 | _j1 | ||
| 546 | _aIn Tagalog. | ||
| 562 | _e for circulation. 1 copy available in the collection | ||
| 700 | 1 | _aGripaldo, Eden M. | |
| 710 | 2 | _aSentro ng Wikang Filipino. | |
| 906 |
_a7 _bibc _corigode _d2 _encip _f20 _gy-gencatlg |
||
| 942 |
_2lcc _cBK _kM |
||
| 999 |
_c17045 _d17045 |
||